[Event "WchT Blitz Pool A"]
[Site "London"]
[Date "2025.06.14"]
[Round "10.1"]
[White "Hansen, Eric"]
[Black "Oro, Faustino"]
[Result "1-0"]
[WhiteElo "2609"]
[BlackElo "2465"]
[PlyCount "73"]
[EventDate "2025.06.14"]
[EventType "team-tourn"]
[EventRounds "13"]
[EventCountry "ENG"]
[SourceTitle "CB25_2025"]
[SourceDate "2025.06.18"]
[SourceVersion "1"]
[SourceVersionDate "2025.06.18"]
[SourceQuality "1"]
[WhiteTeam "ChessbrahTV"]
[BlackTeam "Turkish Airlines Sports"]
[WhiteTeamCountry "CAN"]
[BlackTeamCountry "TUR"]

1. e4 e5 2. Nf3 Nc6 3. Bc4 Bc5 4. c3 Nf6 5. d3 0-0 6. 0-0 h6 7. Re1 d6 8. h3 a5 9. Nbd2 Be6 10. b3 Ba7 11. Nf1 Re8 12. Ng3 d5 13. Bb5 Bd7 14. a4 Nb8 15. exd5 Nxd5 16. Bd2 Qf6 17. d4 c6 18. Ne4 Qd8 19. Bc4 exd4 20. Nxd4 Bxd4 21. cxd4 b6 22. Qf3 Be6 23. Qg3 Kh8 24. Rac1 Nd7 25. Nd6 Rf8 26. Bd3 c5 27. dxc5 Nxc5 28. Bc4 Nf6 29. Bc3 Bxc4 30. bxc4 Nxa4 31. Ba1 Ra7 32. Nf5 Rg8 33. Rcd1 Qc8 34. Nxg7 Qc6 35. Rd6 Rxg7 36. Rxc6 Rxg3 37. fxg3 1-0

[Event "ChessKid Youth U16 KO"]
[Site "Chess.com INT"]
[Date "2025.06.08"]
[Round "1.1"]
[White "Erdogmus, Yagiz Kaan"]
[Black "Oro, Faustino"]
[Result "0-1"]
[WhiteElo "2626"]
[BlackElo "2465"]
[PlyCount "64"]
[EventDate "2025.06.08"]
[EventType "k.o. (blitz)"]
[EventRounds "2"]
[EventCountry "USA"]
[SourceTitle "CB26_2025"]
[SourceDate "2025.06.25"]
[SourceVersion "1"]
[SourceVersionDate "2025.06.25"]
[SourceQuality "1"]

1. b3 e5 2. Bb2 Nc6 3. c4 Nge7 4. Nf3 d5 5. cxd5 Nxd5 6. e4 Nf4 7. Nxe5 Qg5 8. Nf3 Nxg2+ 9. Bxg2 Qxg2 10. Rg1 Qh3 11. d3 Be6 12. Rg3 Qh5 13. Rg5 Qh3 14. Rg3 Qh5 15. Rg5 Qh6 16. Nc3 0-0-0 17. Qd2 Bd6 18. 0-0-0 f6 19. Rf5 Qxd2+ 20. Kxd2 Bxf5 21. exf5 Bf4+ 22. Ke2 Rhe8+ 23. Ne4 Nb4 24. Kf1 Rxd3 25. Re1 Rxf3 26. Nd6+ Bxd6 27. Rxe8+ Kd7 28. Rg8 Nd3 29. Rxg7+ Kc6 30. Bd4 Rxf5 31. Ke2 Nf4+ 32. Kd1 Ne6 0-1

[Event "ChessKid Youth U16 GpB"]
[Site "Chess.com INT"]
[Date "2025.06.07"]
[Round "6"]
[White "Chen, Ryo"]
[Black "Oro, Faustino"]
[Result "0-1"]
[WhiteElo "2395"]
[BlackElo "2465"]
[PlyCount "98"]
[EventDate "2025.06.07"]
[EventType "tourn (blitz)"]
[EventRounds "10"]
[EventCountry "USA"]
[EventCategory "9"]
[SourceTitle "CB26_2025"]
[SourceDate "2025.06.25"]
[SourceVersion "1"]
[SourceVersionDate "2025.06.25"]
[SourceQuality "1"]

1. e4 c5 2. Nf3 d6 3. d4 cxd4 4. Nxd4 Nf6 5. Nc3 a6 6. Be2 e5 7. Nb3 Be6 8. 0-0 Be7 9. Bf3 0-0 10. a4 Nbd7 11. a5 Rc8 12. Be3 Qc7 13. Qd2 Qb8 14. Be2 Rc6 15. f4 Rfc8 16. Bd3 Bc4 17. Qe2 Qc7 18. Nd2 d5 19. exd5 Bxd5 20. Rae1 Bb4 21. fxe5 Qxe5 22. h3 h6 23. Qf2 Bxc3 24. bxc3 Qxc3 25. Bd4 Qxa5 26. c4 Be6 27. Nf3 Bxc4 28. Bb1 Bxf1 29. Rxf1 Rc1 30. Be3 Rxf1+ 31. Qxf1 Qb5 32. Bd3 Qb3 33. Nd4 Qd5 34. Nf5 Re8 35. Bxh6 gxh6 36. Nxh6+ Kf8 37. Nf5 Ne5 38. Qf4 Rd8 39. Qh6+ Ke8 40. Qxf6 Qc5+ 41. Kh1 Rxd3 42. Ng7+ Kd7 43. Qf5+ Kc6 44. Qc8+ Kb6 45. Qf5 Rd1+ 46. Kh2 Qg1+ 47. Kg3 Qe3+ 48. Kh4 Ng6+ 49. Kh5 Rd5 0-1

[Event "ChessKid Youth U16 GpB"]
[Site "Chess.com INT"]
[Date "2025.06.07"]
[Round "8"]
[White "Mishra, Abhimanyu"]
[Black "Oro, Faustino"]
[Result "1-0"]
[WhiteElo "2611"]
[BlackElo "2465"]
[PlyCount "83"]
[EventDate "2025.06.07"]
[EventType "tourn (blitz)"]
[EventRounds "10"]
[EventCountry "USA"]
[EventCategory "9"]
[SourceTitle "CB26_2025"]
[SourceDate "2025.06.25"]
[SourceVersion "1"]
[SourceVersionDate "2025.06.25"]
[SourceQuality "1"]

1. Nf3 Nf6 2. b3 d5 3. Bb2 Bf5 4. d3 h6 5. Nbd2 e6 6. g3 Be7 7. Bg2 0-0 8. 0-0 c6 9. Qe1 Bh7 10. e4 a5 11. a3 Nbd7 12. Ne5 Nxe5 13. Bxe5 Nd7 14. Bb2 Bf6 15. e5 Be7 16. Kh1 a4 17. b4 c5 18. bxc5 Nxc5 19. Nf3 Nd7 20. Nd4 Bc5 21. Rb1 Qe7 22. Nb5 Rfc8 23. f4 Ra6 24. g4 Rb6 25. Bc1 Nb8 26. Be3 Bxe3 27. Qxe3 Nd7 28. Rb2 f6 29. Rfb1 fxe5 30. fxe5 Rf8 31. h3 Rc6 32. Nd4 Rc3 33. Rxb7 Rxa3 34. Rc7 Rf7 35. Rbb7 Qe8 36. Nb5 Ra1+ 37. Kh2 Qf8 38. Rxd7 Rxd7 39. Rxd7 Bg6 40. Nd4 a3 41. Nxe6 Qe8 42. Rxg7+ 1-0

[Event "ChessKid Youth U16 GpB"]
[Site "Chess.com INT"]
[Date "2025.06.07"]
[Round "1"]
[White "Oro, Faustino"]
[Black "Chen, Ryo"]
[Result "1-0"]
[WhiteElo "2465"]
[BlackElo "2395"]
[PlyCount "191"]
[EventDate "2025.06.07"]
[EventType "tourn (blitz)"]
[EventRounds "10"]
[EventCountry "USA"]
[EventCategory "9"]
[SourceTitle "CB26_2025"]
[SourceDate "2025.06.25"]
[SourceVersion "1"]
[SourceVersionDate "2025.06.25"]
[SourceQuality "1"]

1. e4 c5 2. Nf3 d6 3. Bc4 Nf6 4. d3 Nc6 5. c3 g6 6. 0-0 Bg7 7. Bb3 0-0 8. Re1 b5 9. h3 Bb7 10. d4 cxd4 11. cxd4 e5 12. d5 Nd4 13. Nxd4 exd4 14. Qxd4 Nxd5 15. Qd1 Nb6 16. Nc3 b4 17. Nd5 Bxd5 18. Bxd5 Rc8 19. Bb3 Re8 20. Rb1 a5 21. Bf4 Be5 22. Be3 a4 23. Bxa4 Nxa4 24. Qxa4 Rc4 25. Qb5 Rxe4 26. Red1 Bf4 27. Bxf4 Rxf4 28. Rxd6 Qe7 29. Rd2 Re4 30. Qd5 Re5 31. Qd4 Re4 32. Qd3 Qf6 33. Rbd1 h5 34. Rf1 Qf4 35. a3 bxa3 36. bxa3 Re1 37. Rd1 R1e4 38. g3 Qf5 39. h4 Qh3 40. Qd7 R8e6 41. Qc8+ Kg7 42. Qc3+ Kh7 43. Rd8 R6e5 44. Qf3 Qf5 45. Qxf5 Rxf5 46. Rd7 Ra4 47. Ra1 Rf3 48. Kg2 Rfxa3 49. Rxf7+ Kg8 50. Rxa3 Rxa3 51. Rc7 Rd3 52. Re7 Kf8 53. Re3 Rd6 54. Kf3 Kg7 55. Ke2 Rd7 56. Rd3 Ra7 57. f3 Re7+ 58. Re3 Ra7 59. Kf2 Ra2+ 60. Re2 Ra7 61. Kg2 Rf7 62. Rd2 Ra7 63. Kf2 Kf7 64. Ke3 Re7+ 65. Kf4 Kg7 66. Rd4 Rf7+ 67. Ke3 Re7+ 68. Re4 Ra7 69. Rc4 Re7+ 70. Kf2 Ra7 71. Rd4 Ra2+ 72. Ke3 Ra7 73. g4 hxg4 74. fxg4 Re7+ 75. Re4 Ra7 76. Kf3 Rf7+ 77. Kg3 Ra7 78. Kf4 Rc7 79. Re5 Rb7 80. Kg5 Rc7 81. Rd5 Ra7 82. Rc5 Rb7 83. Re5 Rd7 84. Re6 Rd5+ 85. Kf4 Ra5 86. Rd6 Ra4+ 87. Kf3 Ra3+ 88. Ke4 Ra4+ 89. Rd4 Ra7 90. Kf4 Re7 91. Rd6 Ra7 92. g5 Ra4+ 93. Ke5 Rxh4 94. Rd7+ Kf8 95. Kf6 Rh1 96. Rd8# 1-0

[Event "ChessKid Youth U16 GpB"]
[Site "Chess.com INT"]
[Date "2025.06.07"]
[Round "9"]
[White "Oro, Faustino"]
[Black "Woodward, Andy"]
[Result "0-1"]
[WhiteElo "2465"]
[BlackElo "2567"]
[PlyCount "52"]
[EventDate "2025.06.07"]
[EventType "tourn (blitz)"]
[EventRounds "10"]
[EventCountry "USA"]
[EventCategory "9"]
[SourceTitle "CB26_2025"]
[SourceDate "2025.06.25"]
[SourceVersion "1"]
[SourceVersionDate "2025.06.25"]
[SourceQuality "1"]

1. d4 Nf6 2. c4 e6 3. Nf3 d5 4. Nc3 Nbd7 5. Bf4 Bb4 6. cxd5 exd5 7. e3 c5 8. Bd3 c4 9. Bf5 Nb6 10. Bxc8 Rxc8 11. 0-0 0-0 12. Qc2 Re8 13. h3 Ne4 14. Ne2 Qd7 15. Rac1 Bf8 16. Ng3 Qa4 17. Qb1 Qb5 18. Nxe4 dxe4 19. Nd2 f5 20. Be5 Bb4 21. Rfd1 Bxd2 22. Rxd2 Qd5 23. b3 Rxe5 24. bxc4 Nxc4 25. dxe5 Qxd2 26. Rd1 Qb2 0-1

[Event "Clash of Generations m"]
[Site "Marina di Pietrasanta"]
[Date "2025.06.01"]
[Round "2"]
[White "Oro, Faustino"]
[Black "Anand, Viswanathan"]
[Result "0-1"]
[WhiteElo "2454"]
[BlackElo "2743"]
[PlyCount "96"]
[EventDate "2025.06.01"]
[EventType "match (rapid)"]
[EventRounds "2"]
[EventCountry "ITA"]
[SourceTitle "CB23_2025"]
[SourceDate "2025.06.04"]
[SourceVersion "1"]
[SourceVersionDate "2025.06.04"]
[SourceQuality "1"]

1. e4 e6 2. d4 d5 3. e5 c5 4. c3 Nc6 5. Nf3 Bd7 6. Be2 Nge7 7. 0-0 Nf5 8. dxc5 Bxc5 9. Bd3 Nfe7 10. Nbd2 Ng6 11. Nb3 Bb6 12. Re1 0-0 13. Nbd4 Bc7 14. Bxg6 fxg6 15. Qe2 Nxd4 16. cxd4 h6 17. h4 Bb6 18. Bd2 Rc8 19. Rac1 Qe7 20. Qd3 Qf7 21. Bb4 Rfe8 22. Bc5 Ba5 23. Red1 a6 24. Qa3 Bd8 25. Qb4 Bb5 26. Re1 Qf4 27. Rc3 Rc7 28. a4 Bc6 29. Bb6 Rf7 30. Bxd8 Rxd8 31. Ree3 Rdf8 32. Rc2 Qg4 33. Kh2 Rf4 34. b3 g5 35. hxg5 hxg5 36. Qe7 Qf5 37. Nxg5 Re8 38. Rxc6 Rh4+ 39. Rh3 Rxh3+ 40. gxh3 Qxf2+ 41. Kh1 Rxe7 42. Rc8+ Qf8 43. Rxf8+ Kxf8 44. Kg2 Re8 45. Kf3 Ke7 46. Kg4 Rc8 47. Kh5 Rc3 48. Kg6 Rd3 0-1

[Event "Sharjah Masters-A 8th"]
[Site "Sharjah"]
[Date "2025.05.23"]
[Round "7"]
[White "Nguyen, Ngoc Truong Son"]
[Black "Oro, Faustino"]
[Result "1/2-1/2"]
[WhiteElo "2632"]
[BlackElo "2454"]
[PlyCount "21"]
[EventDate "2025.05.17"]
[EventType "swiss"]
[EventRounds "9"]
[EventCountry "UAE"]
[SourceTitle "CB22_2025"]
[SourceDate "2025.05.28"]
[SourceVersion "1"]
[SourceVersionDate "2025.05.28"]
[SourceQuality "1"]

1. d4 Nf6 2. c4 e6 3. Nc3 d5 4. cxd5 exd5 5. Bg5 Bb4 6. e3 h6 7. Bxf6 Qxf6 8. Qb3 Qd6 9. a3 Bxc3+ 10. Qxc3 Bf5 11. Qb4 1/2-1/2

[Event "Sharjah Masters-A 8th"]
[Site "Sharjah"]
[Date "2025.05.18"]
[Round "2"]
[White "Oro, Faustino"]
[Black "Muradli, Mahammad"]
[Result "1-0"]
[WhiteElo "2454"]
[BlackElo "2603"]
[PlyCount "172"]
[EventDate "2025.05.17"]
[EventType "swiss"]
[EventRounds "9"]
[EventCountry "UAE"]
[SourceTitle "CB22_2025"]
[SourceDate "2025.05.28"]
[SourceVersion "1"]
[SourceVersionDate "2025.05.28"]
[SourceQuality "1"]

1. e4 c5 2. Nf3 d6 3. d4 cxd4 4. Nxd4 Nf6 5. Nc3 a6 6. Bc4 e6 7. Qe2 Be7 8. Bb3 b5 9. a3 0-0 10. Be3 Bb7 11. f3 Nc6 12. 0-0-0 Na5 13. g4 Rc8 14. Kb1 Nd7 15. h4 Ne5 16. Qe1 Nac4 17. Bc1 Qc7 18. Nce2 Na5 19. Ba2 Nxf3 20. Nxf3 Bxe4 21. Ned4 d5 22. Qe2 e5 23. Nf5 Bxc2+ 24. Ka1 Rfe8 25. Qxe5 Qxe5 26. Nxe5 Bxd1 27. Rxd1 Nc4 28. Nxe7+ Rxe7 29. Nf3 Re4 30. Bb1 Ne3 31. Rg1 Nc2+ 32. Ka2 Re2 33. Rd1 Ne3 34. Rg1 Nc2 35. Rd1 g6 36. Bg5 Ne3 37. Rg1 Nc4 38. Bc1 Rf2 39. Nd4 Nd2 40. Bd3 Ne4 41. Kb1 Nc5 42. Bf1 Re8 43. Bg2 Nd3 44. Bxd5 Nxc1 45. Rxc1 Rf4 46. Nf3 Rd8 47. Bb7 Rd7 48. Bc8 Rd6 49. Ne5 Rf2 50. Ka2 Rdd2 51. Rb1 Rfe2 52. Nc6 Rd6 53. Bxa6 Re4 54. Bxb5 Rxg4 55. a4 Rxh4 56. a5 Rh5 57. a6 Rxb5 58. a7 Rd8 59. Nxd8 Ra5+ 60. Kb3 Rxa7 61. Kb4 h5 62. Kc5 h4 63. b4 g5 64. b5 Kg7 65. b6 Rd7 66. b7 Rxd8 67. b8Q Rxb8 68. Rxb8 Kg6 69. Kd4 Kf5 70. Ke3 Kg4 71. Kf2 f5 72. Ra8 Kf4 73. Ra4+ Ke5 74. Ke3 h3 75. Ra6 g4 76. Ra5+ Kf6 77. Kf4 Kg6 78. Rb5 Kh6 79. Rb6+ Kg7 80. Ra6 Kh7 81. Kg5 Kg8 82. Ra8+ Kf7 83. Rh8 Ke6 84. Rh7 Ke5 85. Re7+ Kd6 86. Re1 Kd5 1-0

[Event "Menorca op-A 4th"]
[Site "Ciutadella"]
[Date "2025.04.26"]
[Round "8"]
[White "Balakrishnan, Praveen"]
[Black "Oro, Faustino"]
[Result "1/2-1/2"]
[WhiteElo "2489"]
[BlackElo "2423"]
[PlyCount "95"]
[EventDate "2025.04.22"]
[EventType "swiss"]
[EventRounds "9"]
[EventCountry "ESP"]
[SourceTitle "CB18_2025"]
[SourceDate "2025.04.30"]
[SourceVersion "1"]
[SourceVersionDate "2025.04.30"]
[SourceQuality "1"]

1. d4 Nf6 2. c4 e6 3. Nf3 d5 4. Nc3 Bb4 5. Qb3 c5 6. dxc5 Nc6 7. Bg5 Qa5 8. Bxf6 dxc4 9. Qxc4 gxf6 10. Rc1 Qxc5 11. Qf4 Ke7 12. g3 Bxc3+ 13. bxc3 e5 14. Qe4 Be6 15. Bg2 f5 16. Qb1 b6 17. 0-0 e4 18. Nd2 Rad8 19. Nb3 Bxb3 20. axb3 Rd2 21. Rc2 Rhd8 22. Kh1 Ne5 23. h3 Qd6 24. g4 Rxc2 25. Qxc2 Qd2 26. Qxd2 Rxd2 27. e3 Kf6 28. b4 Rc2 29. b5 Rxc3 30. Ra1 Rc7 31. Kh2 Nc4 32. Kg3 Ke5 33. Bf1 Nd6 34. Be2 f6 35. f4+ exf3 36. Kxf3 Ne4 37. gxf5 Rg7 38. Bd3 Rg3+ 39. Ke2 Nc5 40. Rxa7 Rxh3 41. Bc4 Kxf5 42. Bd3+ Ke5 43. Bxh7 Rh2+ 44. Kf3 Rb2 45. Re7+ Kd6 46. Rf7 Ke5 47. Re7+ Kd6 48. Rf7 1/2-1/2

[Event "Menorca op-A 4th"]
[Site "Ciutadella"]
[Date "2025.04.23"]
[Round "3"]
[White "Oro, Faustino"]
[Black "Malek, Jan"]
[Result "1-0"]
[WhiteElo "2423"]
[BlackElo "2516"]
[PlyCount "79"]
[EventDate "2025.04.22"]
[EventType "swiss"]
[EventRounds "9"]
[EventCountry "ESP"]
[SourceTitle "CB18_2025"]
[SourceDate "2025.04.30"]
[SourceVersion "1"]
[SourceVersionDate "2025.04.30"]
[SourceQuality "1"]

1. d4 Nf6 2. c4 e6 3. Nf3 d5 4. cxd5 exd5 5. Nc3 Be7 6. Bf4 Nh5 7. e3 Nxf4 8. exf4 Bg4 9. Be2 Bxf3 10. Bxf3 c6 11. 0-0 0-0 12. Qd3 a5 13. Rad1 Bd6 14. g3 Nd7 15. Kg2 Re8 16. h4 Qb6 17. Qc2 Nf8 18. h5 h6 19. Bg4 Re7 20. Ne2 Rae8 21. Ng1 Nh7 22. b3 Nf6 23. Bf3 Qb4 24. Ne2 Bb8 25. Rd3 Ba7 26. Ra1 Qa3 27. Rb1 Qd6 28. a3 Qd7 29. b4 axb4 30. axb4 Ne4 31. b5 Nd6 32. bxc6 bxc6 33. Ra3 Nb5 34. Ra6 Rxe2 35. Bxe2 Nxd4 36. Qa4 Rxe2 37. Rxa7 Qf5 38. Rb8+ Kh7 39. Qxd4 c5 40. Raa8 1-0

[Event "Titled Tuesday intern op 01st Apr Late"]
[Site "Chess.com INT"]
[Date "2025.04.01"]
[Round "5"]
[White "Abasov, Nijat Azad"]
[Black "Oro, Faustino"]
[Result "0-1"]
[WhiteElo "2620"]
[BlackElo "2423"]
[PlyCount "58"]
[EventDate "2025.04.01"]
[EventType "swiss (blitz)"]
[EventRounds "11"]
[EventCountry "USA"]
[SourceTitle "CB21_2025"]
[SourceDate "2025.05.21"]
[SourceVersion "1"]
[SourceVersionDate "2025.05.21"]
[SourceQuality "1"]

1. d4 Nf6 2. Nf3 b6 3. Bf4 Bb7 4. e3 g6 5. Nbd2 Bg7 6. h3 0-0 7. Bd3 d6 8. Qe2 Nbd7 9. e4 e5 10. dxe5 dxe5 11. Be3 Qe7 12. 0-0 Nc5 13. Rfd1 Nfxe4 14. Nxe4 Nxe4 15. Bxb6 Ng3 16. fxg3 axb6 17. Be4 Bxe4 18. Qxe4 f5 19. Qc4+ Kh8 20. c3 Rae8 21. Rd5 e4 22. Nd4 c5 23. Ne2 Be5 24. Rad1 Qg5 25. b4 cxb4 26. Qxb4 Qe3+ 27. Kh2 Qxe2 28. R1d2 Qe3 29. Rxe5 Qxd2 0-1

[Event "Punta del Este"]
[Site "Punta del Este"]
[Date "2025.03.20"]
[Round "10"]
[White "Cuenca Jimenez, Jose Fernando"]
[Black "Oro, Faustino"]
[Result "1-0"]
[WhiteElo "2479"]
[BlackElo "2427"]
[PlyCount "63"]
[EventDate "2025.03.14"]
[EventType "tourn"]
[EventRounds "10"]
[EventCountry "URU"]
[EventCategory "10"]
[SourceTitle "CB13_2025"]
[SourceDate "2025.03.26"]
[SourceVersion "1"]
[SourceVersionDate "2025.03.26"]
[SourceQuality "1"]

1. d4 Nf6 2. c4 e6 3. Nc3 Bb4 4. Qc2 d6 5. Bg5 Nbd7 6. e3 c5 7. Bd3 h6 8. Bh4 b6 9. Nge2 Bb7 10. 0-0 Bxc3 11. Nxc3 0-0 12. d5 Qe7 13. Rad1 Rad8 14. h3 Bc8 15. f4 Rfe8 16. Rde1 Bb7 17. Qd1 a6 18. a4 Kh8 19. Bb1 b5 20. axb5 axb5 21. Nxb5 exd5 22. Nc7 dxc4 23. Nxe8 Rxe8 24. e4 Qe6 25. e5 dxe5 26. fxe5 Nxe5 27. Qc2 Kg8 28. Rxf6 gxf6 29. Qh7+ Kf8 30. Qh8+ Ke7 31. Bxf6+ Kd7 32. Rxe5 1-0

[Event "Punta del Este"]
[Site "Punta del Este"]
[Date "2025.03.18"]
[Round "7"]
[White "Oro, Faustino"]
[Black "Flores, Diego"]
[Result "1-0"]
[WhiteElo "2427"]
[BlackElo "2551"]
[PlyCount "111"]
[EventDate "2025.03.14"]
[EventType "tourn"]
[EventRounds "10"]
[EventCountry "URU"]
[EventCategory "10"]
[SourceTitle "CB13_2025"]
[SourceDate "2025.03.26"]
[SourceVersion "1"]
[SourceVersionDate "2025.03.26"]
[SourceQuality "1"]

1. e4 c5 2. Nf3 e6 3. d4 cxd4 4. Nxd4 a6 5. Bd3 Ne7 6. Nc3 b5 7. Be3 Bb7 8. Nb3 Nbc6 9. Qe2 Qc7 10. f4 Ng6 11. g3 Na5 12. 0-0-0 Rc8 13. Kb1 Nc4 14. Bd4 Ne7 15. Bxc4 Qxc4 16. Qd2 d6 17. Be5 b4 18. Na5 Qc7 19. Qxd6 Qxd6 20. Bxd6 bxc3 21. Nxb7 cxb2 22. Kxb2 Nc6 23. c4 Be7 24. Kc3 Nd8 25. Na5 g5 26. fxg5 Bxg5 27. c5 Rg8 28. Kc4 Be7 29. Rhf1 Rg5 30. Kb4 Bxd6 31. Rxd6 Rcxc5 32. Rxd8+ Ke7 33. Rd5 Rgxd5 34. exd5 Rb5+ 35. Ka4 Rxd5 36. Nc6+ Ke8 37. Rf2 h5 38. Nb4 Rd6 39. Ka5 h4 40. a4 hxg3 41. hxg3 f5 42. Nxa6 Rd5+ 43. Kb6 Rd3 44. Nc5 Rxg3 45. Re2 f4 46. Rxe6+ Kf7 47. Re4 Rg6+ 48. Kb7 Rf6 49. a5 Rf5 50. a6 f3 51. Nd3 f2 52. Nxf2 Rxf2 53. a7 Rb2+ 54. Ka6 Ra2+ 55. Kb6 Ra1 56. Re5 1-0